| 000 | 01417nam a2200337 a 4500 | ||
|---|---|---|---|
| 001 | ebr10046620 | ||
| 003 | CaPaEBR | ||
| 006 | m u | ||
| 007 | cr cn||||||||| | ||
| 008 | 030801s2003 ne sb 001 0 eng | ||
| 010 | _z 2003045121 | ||
| 020 | _z1588114333 (alk. paper) | ||
| 040 |
_aCaPaEBR _cCaPaEBR |
||
| 035 | _a(OCoLC)227038149 | ||
| 050 | 1 | 4 |
_aPA355 _b.L87 2003eb |
| 082 | 0 | 4 |
_a485/.7 _222 |
| 100 | 1 |
_aLuraghi, Silvia, _d1958- |
|
| 245 | 1 | 0 |
_aOn the meaning of prepositions and cases _h[electronic resource] : _bthe expression of semantic roles in ancient Greek / _cSilvia Luraghi. |
| 260 |
_aAmsterdam ; _aPhiladelphia : _bJ. Benjamins Pub. Co., _cc2003. |
||
| 300 | _axii, 363 p. | ||
| 490 | 1 |
_aStudies in language companion series, _x0165-7763 ; _vv. 67 |
|
| 504 | _aIncludes bibliographical references (p. [351]-358) and index. | ||
| 533 |
_aElectronic reproduction. _bPalo Alto, Calif. : _cebrary, _d2013. _nAvailable via World Wide Web. _nAccess may be limited to ebrary affiliated libraries. |
||
| 650 | 0 |
_aGreek language _xPrepositions. |
|
| 650 | 0 |
_aGreek language _xSemantics. |
|
| 650 | 0 |
_aGreek language _xCase. |
|
| 655 | 7 |
_aElectronic books. _2local |
|
| 710 | 2 | _aebrary, Inc. | |
| 830 | 0 |
_aStudies in language companion series ; _vv. 67. |
|
| 856 | 4 | 0 |
_uhttp://site.ebrary.com/lib/rucke/Doc?id=10046620 _zAn electronic book accessible through the World Wide Web; click to view |
| 999 |
_c74443 _d74443 |
||